Statistiques concernant Les villes de Bourgogne Franche-Comté de plus de 10 000 hab

Cliquez ici pour prendre le quiz!

Statistiques générales

  • Ce quiz a été pris 27 fois
  • Le résultat moyen est 15 sur 23

Statistiques - réponses

VillePopulation% Correct
Besançon120 634
96%
Dijon161 266
96%
Belfort43 153
88%
Dole23 990
88%
Auxerre34 882
84%
Lons-le-Saunier16 839
84%
Beaune19 261
80%
Montbéliard25 727
80%
Vesoul15 175
80%
Chalon-sur-Saône45 031
76%
Mâcon35 072
76%
Nevers32 145
76%
Sens27 688
68%
Pontarlier18 226
64%
Le Creusot20 176
60%
Montceau-les-Mines15 938
60%
Autun12 910
56%
Chenôve14 707
44%
Audincourt13 861
36%
Talant12 146
36%
Valentigney11 058
28%
Chevigny-Saint-Sauveur10 651
24%
Héricourt10 384
24%

Distribution des résultats

Percentile par nombre de réponses

% des personnes avec chaque résultat

Votre développement - résultats

Vous n’avez pas pris ce quiz